Manual de capacitacion en vih /
Guardado en:
| Autor Principal: | |
|---|---|
| Otros Autores: | |
| Formato: | Libro |
| Publicado: |
Buenos Aires :
Ministerio de Salud,
1997
|
| Materias: | |
| Etiquetas: |
Agregar Etiqueta
Sin Etiquetas, Sea el primero en etiquetar este registro!
|
| LEADER | 00563nam a22001935a 4500 | ||
|---|---|---|---|
| 001 | CEM.cems010411 | ||
| 005 | 20060214000000.0 | ||
| 008 | 130507s1997##################000#0#####d | ||
| 003 | CEMS | ||
| 082 | 0 | 4 | |a F616.86 |
| 100 | 1 | |a Corton Gloria | |
| 245 | 1 | 0 | |a Manual de capacitacion en vih / |c Sida / |
| 260 | |a Buenos Aires : |b Ministerio de Salud, |c 1997 | ||
| 300 | |a 93 p. | ||
| 653 | |a Enfermedades sexuales | ||
| 653 | |a Enfermedades transmisibles | ||
| 653 | |a Sida | ||
| 700 | 1 | |a Pagani Laurakoyra Marcelo | |
| 859 | |a CEMS |b BIB. CEMS - 11 de abril |h F616.86 |i 4-11 |p 1703.44 |t Ej.1 | ||
